| 000 | 00480 a2200157 4500 | ||
|---|---|---|---|
| 005 | 20250411155600.0 | ||
| 020 | _a978-007712171-6 | ||
| 082 | _a657 DEE | ||
| 100 | _aDEEGAN, C. | ||
| 245 | _aFinancial Accounting and Reporting: An International Approach | ||
| 260 |
_aNew York, _bMcGraw-Hill, _c2013. |
||
| 300 |
_axv, 849p.: ill.; table. _bIndex, references. _c26cm. |
||
| 700 | _aWARD, A. M. | ||
| 856 |
_yAccess online book _fAccounting _dwww.mcgraw-hill.co.uk |
||
| 942 |
_2ddc _cBKS |
||
| 999 |
_c1323 _d1323 |
||